Re-energising Europe's security and defence policy
Na minha lista:
| Autor principal: | |
|---|---|
| Formato: | Livro |
| Idioma: | inglês |
| Publicado em: |
Londýn
European Council on Foreign Relations
2008
|
| Assuntos: | |
| Tags: |
Sem tags, seja o primeiro a adicionar uma tag!
|
MARC
| LEADER | 00000nam a2200000 4500 | ||
|---|---|---|---|
| 001 | 0136091 | ||
| 005 | 20240312115958.9 | ||
| 020 | |a 978-1-906538-05-7 | ||
| 041 | 0 | |a eng | |
| 044 | |a GB | ||
| 245 | 1 | 0 | |a Re-energising Europe's security and defence policy |c Nick Witney |
| 264 | 1 | |a Londýn |b European Council on Foreign Relations |c 2008 | |
| 300 | |a 67 s. | ||
| 610 | 2 | 0 | |a politika bezpečnostná |
| 610 | 2 | 0 | |a obrana štátu |
| 610 | 2 | 0 | |a Európa |
| 610 | 2 | 0 | |a Európska únia |
| 610 | 2 | 0 | |a údaje štatistické medzinárodné |
| 100 | 1 | |a Witney, Nick | |